01012nam a22001937a 4500003000900000008004100009040007100050082002200121110005100143245005900194260003100253300004700284505039100331650000900722650002400731650000900755650002800764710002600792AR-CdUCM190304b ||||| |||| 00| 0 spa d aMUNICIPALIDAD PROVINCIAL DEL CUSCOcBIBLIOTECA MUNICIPAL DEL CUSCO a985.61 / D42bD42 aDirección Desconcentrada de Cultura de Cusco aGuía de zonas sitios parques arqueológicos Cusco / aCusco :bColorgraf,c2018. a145 páginas ;bilustraciones,c20x12 cm. aContenido: Acomayo paisaje arqueológico Waqrapukara -- Sitio arqueológico de Yananpampa -- Sitio arqueológico de Llanquepata -- Anta sitio arqueológico de Andenes de Zurite -- Sitio arqueológico de Killarumiyoq -- Sitio arqueológico de Tarawasi -- Calca zona arqueológica de Ankasmarka -- Zona arqueológica de Huchuy Qosqo -- Parque arqueológico de Pisaq -- Canas ... aInka aArqueologia Incaica aInca aArqueología del Cusco aMinisterio de Cultura